Pokémon - Champions d'Arène - Charles (DE/PS) - Statistiques

Statistiques générales
  • Ce quiz a été pris 6 fois
  • Le résultat moyen est 149 sur 224
Statistiques - réponses
Hint Réponse % Correct
Type Acier
100%
Archéodong
100%
Bastiodon
100%
Bekipan
100%
Cizayox
100%
Type Eau
100%
Type Feu
100%
Type Insecte
100%
CT | Capacités Luminocanon
100%
Badge Mine
100%
Type Psy
100%
Type Roche
100%
Type Sol
100%
Steelix
100%
Capacités Tête de Fer
100%
Capacités Tonnerre
100%
Type Vol
100%
Archéomire
80%
Capacités Canicule
80%
Capacités Danse Lames
80%
Capacités Éboulement
80%
Type Électrik
80%
Talent Fermeté
80%
Heatran
80%
Capacités Hydrocanon
80%
Ville Joliberges
80%
Capacités Lame de Roc
80%
Capacités Laser Glace
80%
Magnézone
80%
Capacités Piège de Roc
80%
Capacités Plaie Croix
80%
Capacités Queue de Fer
80%
Capacités Séisme
80%
Sulfura
80%
Capacités Surf
80%
Niv 36
60%
Niv 39
60%
Capacités Ailes d'Acier
60%
Airmure
60%
Objet Baie Sitrus
60%
Capacités Crocs Givre
60%
Capacités Demi-Tour
60%
Capacités Feu Follet
60%
Capacités Fulmifer
60%
Galeking
60%
Talent Lévitation
60%
Capacités Mâchouille
60%
Métalosse
60%
Capacités Mur de Fer
60%
Capacités Mur Lumière
60%
Objet Orbe Vie
60%
Capacités Pisto-Poing
60%
Capacités Poing Glace
60%
Capacités Poing Météore
60%
Capacités Psykoud'Boul
60%
Capacités Tempête de Sable
60%
Talent Torche
60%
Capacités Vent Violent
60%
Niv 69
40%
Niv 70
40%
Niv 72
40%
Objet Baie Jouca
40%
Objet Bandeau Choix
40%
Objet Ceinture Force
40%
Talent Corps Ardent
40%
Talent Corps Sain
40%
Talent Crachin
40%
Capacités Crocs Éclair
40%
Capacités Draco-Choc
40%
Capacités Fracass'Tête
40%
Capacités Garde Large
40%
Capacités Gyroballe
40%
Capacités Hâte
40%
Objet Mouchoir Choix
40%
Capacités Onde Folie
40%
Pingoléon
40%
Capacités Provoc
40%
Talent Technicien
40%
Capacités Telluriforce
40%
Talent Tête de Roc
40%
Talent Torrent
40%
Capacités Vive-Attaque
40%
Capacités Vortex Magma
40%
Objet Baie Prine
20%
Objet Ceinture Pro
20%
Capacités Distorsion
20%
Capacités Larcin
20%
Objet Restes
20%
Capacités Surpuissance
20%
Capacités Tacle Lourd
20%
Capacités Vol Magnétik
20%
Capacités Abîme
0%
Talent Analyste
0%
Capacités Atterrissage
0%
Objet Baie Chérim
0%
Objet Baie Mago
0%
Objet Encens Doux
0%
Capacités Feu Ensorcelé
0%
Objet Herbe Mental
0%
Capacités Hurlement
0%
Capacités Plaquage
0%
Talent Sans Limite
0%
Aucun quiz correspondant
Distribution des résultats
% des personnes avec chaque résultat
Percentile par nombre de réponses
Votre historique - résultats
Vous n’avez pas pris ce quiz